Score 0/10 Timer 01:00
2 Plays Today
Clue 4-letter word % Correct
Bottom of a shoeSOLE
96.7%
Not spicyMILD
89.6%
Three ____ IslandMILE
85.1%
Marilyn Monroe featureMOLE
83.6%
RippedTORE
74.6%
Tea beverage brand with lizards on the labelSOBE
71.6%
Drill a holeBORE
70.9%
End of song titleWILD
63.1%
Middle of song title (2 words)TO BE
62.6%
Start of a Steppenwolf song titleBORN
60.9%

Today's Daily Dose

You're not logged in!

Compare scores with friends on all Sporcle quizzes.
OR
Log In

Sporcle TV

Today on Sporcle TV


Watch our educational content, quiz creation guides, and fun videos on Sporcle TV.

Show Comments

Extras

Top Quizzes Today


Score Distribution

Your Account Isn't Verified!

In order to create a playlist on Sporcle, you need to verify the email address you used during registration. Go to your Sporcle Settings to finish the process.

Report this User

Report this user for behavior that violates our Community Guidelines.

Details: